000 00685nam a2200289Ia 4500
005 20260324150536.0
008 008 260324s9999 xx 000 0 eng d
020 _a9781003425281
037 _aEBOOK
040 _aCRL
040 _beng
040 _cCRL
041 _2eng
041 _aeng
084 _qCRL
100 _aPeter Willmott
_91226527
245 4 _aThe Evolution of a Community
245 2 _bA Study of Dagenham After Forty Years
260 _bTaylor and Francis
260 _c1963
365 _a
365 _b150
856 _uhttp://www.taylorfrancis.com/books/9781003425281
942 _cEBOOK
999 _c1836402
_d1836402